000 00838cam a22002531 4500
001 gs 15000009
003 DLC
005 20260227111317.0
008 790914s1914 dcuabf f001 0 eng
010 _ags 15000009
035 _a(OCoLC)5374742
040 _aDLC
_cICharE
_dDLC
043 _an-us-ak
050 0 0 _aQE75
_b.B9 no. 576
051 _aQE84.H3
_bM6
100 1 _aMoffit, Fred H.
_q(Fred Howard),
_d1874-1958?
245 1 0 _aGeology of the Hanagita-Bremner region, Alaska /
_cby Fred H. Moffit.
260 _aWashington,
_bGovt. Print. Off.,
_c1914.
300 _a56 p.
_bill. (maps., diagrs.) plates (1 fold.) 2 fold. maps (in pocket)
_c24 cm.
490 1 _aU.S. Geological survey. Bulletin 576
500 _aIncludes index.
650 0 _aGeology
_zAlaska
810 1 _aUnited States.
_bGeological Survey.
_tBulletin ;
_v576.
999 _c25456
_d25456